Marques de voiture sans voyelles #1 - Statistiques

Statistiques générales
  • Ce quiz a été pris 142 fois
  • Le résultat moyen est 19 sur 20
Statistiques - réponses
Indices Réponses % Correct
LMBRGHN Lamborghini
100%
MRCDS Mercedes
100%
NSSN Nissan
100%
RNLT Renault
100%
TSL Tesla
100%
VLKSWGN Volkswagen
100%
FRD Ford
99%
VLV Volvo
99%
CTRN Citroën
98%
BGTT Bugatti
97%
STN MRTN Aston Martin
95%
LND RVR Land Rover
95%
SKD Skoda
95%
JP Jeep
94%
LXS Lexus
94%
MTSBSH Mitsubishi
92%
FT Fiat
91%
CDLLC Cadillac
90%
MZD Mazda
87%
SBR Subaru
76%
Aucun quiz correspondant
Distribution des résultats
% des personnes avec chaque résultat
Percentile par nombre de réponses
Votre historique - résultats
Vous n’avez pas pris ce quiz